| 000 | 00835nac a22002651i 4500 | ||
|---|---|---|---|
| 003 | EG-ScBUE | ||
| 005 | 20250120094915.0 | ||
| 008 | 250120t1962 nyua f b 000 0 eng d | ||
| 020 | _a070726469 | ||
| 040 |
_aEG-ScBUE _beng _erda _cEG-ScBUE _dEG-ScBUE |
||
| 082 | 0 | 4 |
_a519.9 _bYOU _222 |
| 100 | 1 |
_aYoung, Hugh D., _eauthor. |
|
| 245 | 1 | 0 |
_aStatistical treatment of experimental data / _cHugh D. Young. |
| 264 | 1 |
_aNew York : _bMcGraw-Hill, _c[1962] |
|
| 264 | 4 | _cc1962 | |
| 300 |
_a172 pages : _billustrations ; _c21 cm. |
||
| 336 |
_2rdacontent _atext _btxt |
||
| 337 |
_aunmediated _2rdamedia _bn |
||
| 338 |
_avolume _bnc _2rdacarrier |
||
| 490 | 0 | _aMcGraw Hill paperbacks | |
| 504 | _aIncludes bibliographical references. | ||
| 650 | 7 |
_aMathematical statistics. _2BUEsh |
|
| 655 | _vReading book | ||
| 942 |
_cBB _2ddc |
||
| 999 |
_c1715 _d1715 |
||